000 00339nam a2200157Ia 4500
003 OSt
005 20240131111256.0
008 170524s9999 xx 000 0 und d
020 _a8184570007
040 _cIIMT
100 _aRai- Harish Chandra
245 0 _aHill Tourism
260 _bKanishka Pub.
260 _c1998
942 _2ddc
_c02
999 _c6358
_d6358